[Event "Caldense-ch"]
[Site "Manizales"]
[Date "2017.10.27"]
[Round "3"]
[White "Soto, Jonathan"]
[Black "Nieto Medina, Agustin"]
[Result "1/2-1/2"]
[WhiteElo "1874"]
[BlackElo "2060"]
[PlyCount "39"]
[EventDate "2017.10.26"]
[EventType "swiss"]
[EventRounds "8"]
[EventCountry "COL"]
[SourceTitle "CBM 181 Extra"]
[Source "ChessBase"]
[SourceDate "2017.12.12"]
[SourceVersion "1"]
[SourceVersionDate "2017.12.12"]
[SourceQuality "1"]

1. d4 Nf6 2. c4 g6 3. g3 Bg7 4. Bg2 0-0 5. Nf3 d6 6. 0-0 Nbd7 7. Nc3 e5 8. e4 exd4 9. Nxd4 Nc5 10. b4 Ncd7 11. Re1 a5 12. b5 Ne5 13. Bf1 Nfd7 14. f4 Ng4 15. h3 Ngf6 16. Be3 Re8 17. Bf2 Nc5 18. Bg2 Nfd7 19. Rc1 Nf8 20. Nd5 1/2-1/2

[Event "Manizales op 26th"]
[Site "Manizales"]
[Date "2017.01.07"]
[Round "7"]
[White "Hurtado Mosquera, Orestes Andre"]
[Black "Soto, Jonathan"]
[Result "0-1"]
[WhiteElo "1573"]
[BlackElo "1847"]
[PlyCount "110"]
[EventDate "2017.01.04"]
[EventType "swiss"]
[EventRounds "9"]
[EventCountry "COL"]
[SourceTitle "CBM 176 Extra"]
[Source "ChessBase"]
[SourceDate "2017.03.02"]
[SourceVersion "1"]
[SourceVersionDate "2017.03.02"]
[SourceQuality "1"]

1. e4 e5 2. Nf3 Nc6 3. Bc4 Bc5 4. c3 Nf6 5. d4 exd4 6. cxd4 Bb4+ 7. Bd2 Bxd2+ 8. Nbxd2 d5 9. exd5 Nxd5 10. 0-0 0-0 11. Re1 Nce7 12. h3 c6 13. Ne4 Nf4 14. Ng3 Ned5 15. Bb3 h6 16. a3 Be6 17. Bc2 Qc8 18. Ne5 Qc7 19. Nf5 Rad8 20. Qg4 Bxf5 21. Qxf5 g6 22. Qg4 Qc8 23. Qh4 Kg7 24. Re4 g5 25. Qg3 Nh5 26. Qf3 Ndf6 27. Re3 Rxd4 28. Rae1 Nf4 29. Kh2 N6d5 30. Re4 Rxe4 31. Qxe4 Nf6 32. Qd4 Qd8 33. Qc3 Qd6 34. g3 N4d5 35. Qd3 Qe6 36. Nf3 Qd7 37. Ne5 Qc7 38. Qf5 Ne7 39. Qd3 Rd8 40. Qc3 Qd6 41. Ng4 Ned5 42. Qd4 c5 43. Qd1 Nxg4+ 44. Qxg4 Qf6 45. Re2 Ne7 46. Qe4 Nc6 47. Bd3 Nd4 48. Re3 Qxf2+ 49. Kh1 Qf6 50. Qxb7 Qc6+ 51. Qxc6 Nxc6 52. Rf3 Ne5 53. Re3 Nxd3 54. Re7 Nxb2 55. Rxa7 c4 0-1

[Event "Villamaria op 2nd"]
[Site "Villamaria"]
[Date "2016.07.04"]
[Round "6"]
[White "Lopez Ramirez, Jorge Hernan"]
[Black "Soto, Jonathan"]
[Result "1-0"]
[WhiteElo "1993"]
[BlackElo "1863"]
[PlyCount "27"]
[EventDate "2016.07.02"]
[EventType "swiss"]
[EventRounds "7"]
[EventCountry "COL"]
[SourceTitle "CBM 173 Extra"]
[Source "ChessBase"]
[SourceDate "2016.08.29"]
[SourceVersion "1"]
[SourceVersionDate "2016.08.29"]
[SourceQuality "1"]

1. e4 e5 2. Nf3 Nc6 3. Bb5 a6 4. Ba4 Nf6 5. d4 exd4 6. e5 Bb4+ 7. c3 dxc3 8. bxc3 Qe7 9. 0-0 Bc5 10. exf6 Qxf6 11. Bg5 Qf5 12. Re1+ Kf8 13. Bc2 Qg4 14. Re4 1-0

[Event "Manizales Castro Memorial"]
[Site "Manizales"]
[Date "2015.12.20"]
[Round "6"]
[White "Jaramillo, Carlos Orlando"]
[Black "Soto, Jonathan"]
[Result "1-0"]
[WhiteElo "1901"]
[BlackElo "1636"]
[PlyCount "93"]
[EventDate "2015.12.17"]
[EventType "swiss"]
[EventRounds "7"]
[EventCountry "COL"]
[SourceTitle "CBM 170 Extra"]
[Source "ChessBase"]
[SourceDate "2016.02.25"]
[SourceVersion "1"]
[SourceVersionDate "2016.02.25"]
[SourceQuality "1"]

1. b4 c5 2. bxc5 e5 3. Bb2 Nc6 4. Nf3 e4 5. Nd4 Bxc5 6. Nxc6 Qb6 7. Qc1 Bxf2+ 8. Kd1 f6 9. e3 dxc6 10. Ke2 Bh4 11. g3 Bg4+ 12. Kf2 Bg5 13. Bg2 Qb5 14. Nc3 Qf5+ 15. Kg1 Bf3 16. Qf1 Rd8 17. Qf2 Nh6 18. h3 Qc5 19. Re1 Qd6 20. Bxf3 exf3 21. Ne4 Qb4 22. Bd4 0-0 23. h4 Ng4 24. Qxf3 f5 25. Nxg5 Qc4 26. Rb1 Rxd4 27. exd4 Qxd4+ 28. Kf1 h6 29. Nh3 Qxd2 30. Qe2 Qc3 31. Qd3 Qc5 32. Kg2 Ne3+ 33. Kf3 Ng4 34. Qb3+ Kh8 35. Rhe1 Nf6 36. Nf4 Rc8 37. Qxb7 Rg8 38. Re2 Ne4 39. Qb4 Qc3+ 40. Qxc3 Nxc3 41. Rb7 Nxe2 42. Nxe2 Rd8 43. Nf4 Rd2 44. Ng6+ Kg8 45. Ne7+ Kf7 46. Nxf5+ Kf6 47. Ne3 1-0